000 00533nam a2200169 4500
008 180123b xxu||||| |||| 00| 0 eng d
082 _21980?
_aDC 399
_bD44m
100 _925793
_aDernburg, S. F.
245 _aMacroeconomics/
_cS. F. Dernburg and Duncan M. McDoug.
250 _aFOURTH EDITION
260 _aPhilippines:
_bCacho Hermanos, Inc.,
_c ©1980?
300 _ax, 4990 pages:
_billustration;
_c21 cm.
500 _aIncludes index.
650 0 _925794
_aMacroeconomics
700 _925795
_aMcDoug, Duncan M.
942 _2ddc
_cDC
999 _c8341
_d8341